| Tag |
First Indicator |
Second Indicator |
Subfields |
| LEADER |
00000cam a2200000Ia 4500 |
| 001 |
in00001556310 |
| 005 |
20151022075307.0 |
| 008 |
001016s1913 xo 000 0 slo d |
| 035 |
|
|
|a (OCoLC)ocm45176027
|
| 040 |
|
|
|a TXA
|c TXA
|d UtOrBLW
|
| 049 |
|
|
|a TXAM
|
| 090 |
|
|
|a Q162
|b .H68 1913
|
| 100 |
1 |
|
|a Houdek, Ivan.
|
| 245 |
1 |
0 |
|a Vývin zeme a života /
|c napísal Ivan Houdek.
|
| 264 |
|
1 |
|a V Ružomberku :
|b Ján Párička,
|c 1913.
|
| 300 |
|
|
|a 225 pages :
|b illustrations ;
|c 18 cm.
|
| 336 |
|
|
|a text
|b txt
|2 rdacontent
|
| 337 |
|
|
|a unmediated
|b n
|2 rdamedia
|
| 338 |
|
|
|a volume
|b nc
|2 rdacarrier
|
| 490 |
1 |
|
|a Páričková slovenská knižnica ;
|v čís. 14-15 (roč. 4, sv. 2-3)
|
| 650 |
|
0 |
|a Earth sciences
|v Popular works.
|
| 650 |
|
0 |
|a Life sciences
|v Popular works.
|
| 830 |
|
0 |
|a Páričková slovenská knižnica ;
|v čís. 14-15 (roč. 4, sv. 2-3)
|
| 948 |
|
|
|a cataloged
|b h
|c 2000/10/16
|d c
|e dchroust
|f 11:37:28 am
|
| 994 |
|
|
|a E0
|b TXA
|
| 999 |
|
|
|a MARS
|
| 999 |
f |
f |
|s 59e29f63-6b6f-34a2-8eac-9114d17c8e05
|i dbe0b1fc-7a5a-3c83-8121-01f41cf8d8de
|t 0
|
| 952 |
f |
f |
|p ric
|a Texas A&M University
|b Rellis Campus
|c Joint Library Facility
|d Remote Storage
|t 0
|e Q162 .H68 1913
|h Library of Congress classification
|i unmediated -- volume
|m A14826739894
|
| 998 |
f |
f |
|a Q162 .H68 1913
|t 0
|l Remote Storage
|